00367nam a2200133Ia 4500008004100000041001200041082001600053100001700069245006900086260003600155300000800191650001400199700002000213221030s9999 xx 000 0 und d aEnglish a105.23bZut aR. K. Zutshi 0aElementary Inorganic Chemistrycby R. K. Zutshi, Gulam Ahmad Mir bKapoor BrothersaSrinagarc1965 a309 aChemistry aGulam Ahmad Mir